Odvodenie vzorca pre cenu úrokovej opcie

Postup odvodenia vzorca pre cenu úrokovej opcie. Ilustračný príklad.

Guardado en:
Detalles Bibliográficos
Autor principal: Svitek, Martin
Formato: Capítulo de libro
Lenguaje:eslovaco
Materias:
Etiquetas: Agregar Etiqueta
Sin Etiquetas, Sea el primero en etiquetar este registro!

MARC

LEADER 00000naa$a2200000$$$4500
001 0056390
005 20231116083354.4
041 0 |a slo 
044 |a SK 
245 1 0 |a Odvodenie vzorca pre cenu úrokovej opcie  |c Martin Svitek 
520 |a Postup odvodenia vzorca pre cenu úrokovej opcie. Ilustračný príklad. 
610 2 0 |a opcie 
610 2 0 |a úrok 
610 2 0 |a ceny 
610 2 0 |a vyučovanie 
610 2 0 |a školy vysoké 
610 2 0 |a sadzby úrokové 
100 1 |a Svitek, Martin